000 00290nam a22001337a 4500
008 180806b xxu||||| |||| 00| 0 eng d
082 _a813.52
245 _aNetwork Simulator
_cPearson
260 _c2012
300 _a1
_fCD
440 _x978587204449
760 _b2nd
942 _2ddc
_cMX
999 _c46829
_d46829